| 000 | 00424nam a2200157 a 4500 | ||
|---|---|---|---|
| 082 | 0 | 0 |
_a297.63 _bHIG |
| 100 | _aHiggins, Godfrey | ||
| 245 | _aApology for the Life and Character of the Celebrated Prophet of Arabia | ||
| 260 |
_aLondon _bRowland Hunter _c1829 |
||
| 300 | _a108p | ||
| 500 | _aincludes index and biblioraphy | ||
| 505 | 2 | _aIndices | |
| 650 | _aMuhammad, Prophet | ||
| 700 | 1 | _aHiggins, Godfrey | |
| 942 | _cBK | ||
| 999 |
_c2685 _d2685 |
||